Atencion domiciliaria : (Registro nro. 2181)

Detalles MARC
000 -LEADER
fixed length control field 01214nam a2200301 4500
001 - CONTROL NUMBER
control field 0000016432
003 - CONTROL NUMBER IDENTIFIER
control field CO-CtgCURN
005 - DATE AND TIME OF LATEST TRANSACTION
control field 20250329164838.0
007 - PHYSICAL DESCRIPTION FIXED FIELD--GENERAL INFORMATION
fixed length control field ta
008 - FIXED-LENGTH DATA ELEMENTS--GENERAL INFORMATION
fixed length control field 160627s1994 000 0 eng d
020 ## - INTERNATIONAL STANDARD BOOK NUMBER
International Standard Book Number 8448600762
040 ## - CATALOGING SOURCE
Original cataloging agency CO-CtgCURN
Language of cataloging spa
Transcribing agency coctgcurn
082 0# - DEWEY DECIMAL CLASSIFICATION NUMBER
Classification number 610.734
Item number L86a
100 1# - MAIN ENTRY--PERSONAL NAME
Personal name López Martin, I.
245 10 - TITLE STATEMENT
Title Atencion domiciliaria :
Remainder of title diagnosticos de enfermeria /
Statement of responsibility, etc. I. López Martin.
260 ## - PUBLICATION, DISTRIBUTION, ETC.
Place of publication, distribution, etc. Madrid :
Name of publisher, distributor, etc. Nueva Editorial Interamericana,
Date of publication, distribution, etc. 1994.
300 ## - PHYSICAL DESCRIPTION
Extent 840 p.
336 ## - CONTENT TYPE
Source rdacontent
337 ## - MEDIA TYPE
Source rdamedia
Media type term sin mediacion
Media type code n
338 ## - CARRIER TYPE
Source rdacarrier
Carrier type term volumen
Carrier type code nc
500 ## - GENERAL NOTE
General note Incluye indice.
504 ## - BIBLIOGRAPHY, ETC. NOTE
Bibliography, etc. note Bibliografia (p. 829-830)
505 8# - FORMATTED CONTENTS NOTE
Formatted contents note La visita a domicilio generalidades.--Visita a domicilio al recien nacido.--Visita a domicilio a la mujer puerpera.--Visita a domicilio al paciente con incontinencia urinaria y o portador de sonda vesical.--Visita a domicilio al paciente diabetico.--Visita domiciliaria al paciente con alteracion respiratoria cronica
650 14 - SUBJECT ADDED ENTRY--TOPICAL TERM
Topical term or geographic name entry element Enfermedades
Form subdivision Diagnostico.
908 ## - PUT COMMAND PARAMETER (RLIN)
Put command parameter 160627
942 ## - ADDED ENTRY ELEMENTS (KOHA)
Koha item type Libros
Classification part 610.734
Item part L86a
Source of classification or shelving scheme Dewey Decimal Classification
Existencias
Withdrawn status Lost status Source of classification or shelving scheme Damaged status Not for loan Collection Home library Current library Shelving location Date acquired Inventory number Total checkouts Full call number Barcode Date last seen Price effective from Koha item type Public note
    Dewey Decimal Classification     General Miguel Henríquez Emiliani Miguel Henríquez Emiliani General 03/29/2025 007955   610.734 L86a 007955 03/29/2025 03/29/2025 Libros 610-CIENME